Statistics for A-Z Cities That End in D

Click here to take the quiz!

General Stats

  • This quiz has been taken 26 times
    (8 since last reset)
  • The average score is 12 of 21

Answer Stats

Letter Hint City % Correct
ALargest city in New Zealand, located on North Island (8)Auckland
100%
BCapital of Iraq (7)Baghdad
100%
ICapital of Pakistan (9)Islamabad
86%
CCity in north-eastern Ohio, on the southern shore of Lake Erie (9)Cleveland
86%
RState capital of Virginia, sharing a name with a suburban town in south-west London (8)Richmond
86%
OUniversity city in south-central England (6)Oxford
86%
MCapital of Spain (6)Madrid
86%
VCity in south-western Russia at the junction of the Don and Volga Rivers, formerly known as Stalingrad (9)Volgograd
71%
KAdministrative centre of the Russian exclave on the Baltic coast of the same name (11)Kaliningrad
71%
HCapital of Connecticut, nicknamed the 'Insurance Capital of the World' (8)Hartford
57%
NCity on the Volga in European Russia, known as Gorky from 1932 to 1990 (14)Nizhny Novgorod
57%
PPort in north-eastern Egypt at the north end of the Suez Canal (8)Port Said
57%
SCity in South Yorkshire, northern England, famous for steel production and cutlery manufacture (9)Sheffield
57%
FIndustrial city in Punjab, Pakistan, formerly known as Lyallpur (10)Faisalabad
43%
DCity in western Germany, one of the most heavily bombed during WWII (8)Dortmund
43%
JCity in eastern Afghanistan, east of Kabul, near the border with Pakistan (9)Jalalabad
29%
LCity in Los Angeles County, California, a post-WWII planned community; a compound word meaning 'waterbody timber' (8)Lakewood
14%
GCity in Uttar Pradesh, northern India, nicknamed 'Gateway of Uttar Pradesh' (9)Ghaziabad
14%
YCapital of the eponymous province in central Iran; UNESCO World Heritage Site; formerly known as Yezd (4)Yazd
14%
ECapital of the eponymous province in Algeria, known as 'City of a Thousand Domes' (6)El Oued
0%
ZCity and administrative okrug of Moscow, Russia, founded as a new town in 1958, known as 'Soviet/Russian Silicon Valley' (10)Zelenograd
0%

Score Distribution

Percentile by Number Answered

Percent of People with Each Score

Your Score History

You have not taken this quiz since the last reset